00554nam a2200193Ia 4500003000400000005001700004008004100021020001800062020001500080040000900095082001500104100004100119245007400160250001200234260004200246300000900288700003100297700003200328OSt20200120110000.0190216s9999||||xx |||||||||||||| ||und|| a9788131707043 a8131707040 coclc a658bSTO/M a Stoner, James Arthur Finch,d 1935- 0aManagement /cJames A F Stoner ; R Edward Freeman ; Daniel R Gilbert  a6th ed. bPearson Education,c2007.aNew Delhi: a720p aFreeman, R. Edward, d1951 aGilbert, Daniel R., d1952-